000 01822ngm a22004930a 4500
001 PT27754
003 AR-LpoUNG
005 20210201232254.0
007 co ||u|||uuuuu
008 191001s2007||||ag |||||||||||||||||spa d
020 _a9789879184547
_c$100
040 _aAR-LpoUNG
_bspa
_cAR-LpoUNG
_eaacr
041 _aspa
044 _aag
082 0 _a338.1 118pro
100 1 _aScheinkerman de Obschatko, Edith
245 1 4 _aLos pequeños productores en la República Argentina :
_bimportancia en la producción agropecuaria y en el empleo en base al Censo Nacional Agropecuario 2002
260 _aBuenos Aires :
_bSecretaría de Agricultura, Ganadería, Pesca y Alimentación - Dirección de Desarrollo Agropecuario - Instituto Interamericano de Cooperación para la Agricultura-Argentina,
_c2007.
300 _ail., gráfs., tbls.
505 0 _aAcompaña al impreso
520 _aRelevamiento nacional de tecnologías para pequeños productores.
650 4 _aAGROINDUSTRIA
650 4 _aARGENTINA
650 4 _aDESARROLLO AGROPECUARIO
650 4 _aDESARROLLO RURAL
650 4 _aECONOMIA
650 4 _aPRODUCCION AGROPECUARIA
650 4 _aPRODUCTORES
650 4 _aSECTOR AGROPECUARIO
650 4 _aSOCIOLOGIA RURAL
650 4 _aTRABAJADORES AGRICOLAS
651 4 _aArgentina
653 _aDDA
653 _aIICA
653 _aPROINDER
700 1 _aFoti, María del Pilar
700 1 _aRomán, Marcela E.
710 2 _aArgentina. Secretaría de Agricultura, Ganadería, Pesca y Alimentos
710 2 _aDirección de Desarrollo Agropecuario (Argentina)
710 2 _aInstituto Interamericano de Cooperación para la Agricultura-Argentina
710 2 _aProyecto de Desarrollo de Pequeños Productores Agropecuarios (Argentina)
905 _a27754
942 _cCDDVD
999 _c53208
_d53208